Women entrepreneurs : (Record no. 81993)

MARC details
000 -LEADER
fixed length control field 00622nam a22001937a 4500
005 - DATE AND TIME OF LATEST TRANSACTION
control field 20140207113624.0
010 ## - LCCN (DPL NO)
LC control number ENG-109133
020 ## - INTERNATIONAL STANDARD BOOK NUMBER
International Standard Book Number 9789381709078
Terms of availability 500.00
035 ## - SYSTEM CONTROL NUMBER
System control number EN-92666
037 ## - SOURCE OF ACQUISITION
Source of stock number/acquisition DBAD/PUB
082 ## - DEWEY DECIMAL CLASSIFICATION NUMBER
Classification number 658.42
245 ## - TITLE STATEMENT
Title Women entrepreneurs :
Statement of responsibility, etc edited and compiled by Sudarshan Pruthi
Remainder of title challenges and prospects /
260 ## - PUBLICATION, DISTRIBUTION, ETC. (IMPRINT)
Place of publication, distribution, etc New Delhi
Name of publisher, distributor, etc Life Span Publishers and Distributors
Date of publication, distribution, etc 2013
270 ## - ADDRESS
Address 4782/23, Ansari Road, Daryagang,
City New Delhi
Postal code 110002
300 ## - PHYSICAL DESCRIPTION
Extent 164p.
Dimensions 22cm(Hb)
500 ## - GENERAL NOTE
General note Includes index
700 ## - ADDED ENTRY--PERSONAL NAME
Personal name Sudarshan Pruthi
942 ## - ADDED ENTRY ELEMENTS (KOHA)
Source of classification or shelving scheme Dewey Decimal Classification
Item type English Books
Call number suffix WOM
Classification part 658.42
Holdings
Withdrawn status Lost status Not for loan Collection code Home library Current library Date acquired Source of acquisition Cost, normal purchase price Full call number Barcode Copy number Cost, replacement price Koha item type
    Not For Loan Non-fiction D.B.Act.Division D.B.Act.Division 20/01/2014 DBAD/PUB 500.00 658.42 WOM EN-92666 1 500.00 English Books

© Delhi Public Library
Hit Counter
free hit counter